| 000 | 00691nas a2200229 4500 | ||
|---|---|---|---|
| 001 | BR8804373 | ||
| 003 | BR-BrBNA | ||
| 005 | 20231205091234.0 | ||
| 007 | ta | ||
| 008 | 230509b bl.|||p| |||| 00| 00por d | ||
| 040 |
_aBR-BrBNA _bpor _cBiblioteca Nacional de Agricultura |
||
| 041 | _a(Pt) | ||
| 072 | _aL01 | ||
| 100 | 1 | _aBenedini, C. | |
| 245 | 1 | _aO abate de femeas, o crescimento do rebanho bovino brasileiro e a taxa de desfrute | |
| 650 | _aBOVINO | ||
| 650 | _aREBANHO | ||
| 650 | _aPRODUCAO ANIMAL | ||
| 773 | 0 |
_tRevista dos Criadores (Brazil) _xISSN 0034-9259 _g(Jan 1987), v. 56(684) p. 44-45 _wBR8804373 |
|
| 909 |
_a202311 _bLúcia _c55 _dLúcia Elande |
||
| 942 |
_2AGRIS _n0 _cANA |
||
| 999 |
_c123780 _d123780 |
||